[Event "Black Lives Matter"]
[Site "SchemingMind.com"]
[Date "2020.10.21"]
[Round "-"]
[White "Black Knight"]
[Black "Kenny Elliott"]
[Result "0-1"]
[WhiteCountry "USA"]
[BlackCountry "USA"]
[WhiteElo "1311"]
[WhiteRD "59"]
[BlackElo "1534"]
[BlackRD "61"]
[GameID "461288"]

1. e4 c5 2. Nf3 d6 3. Bb5+ Bd7 4. Bxd7+ Nxd7 5. Nc3 Ngf6 6. d3 g6 7. Bg5 Bg7 8. O-O O-O 9. Re1 Ng4 10. h3 Nge5
11. Nd5 f6 12. Bf4 e6 13. Bxe5 exd5 14. Bxd6 Re8 15. exd5 Qb6 16. Bh2 Qxb2 17. c4 Rxe1+ 18. Nxe1 f5 19. Nc2 Qf6 20. Rb1 b6
21. Qf3 Ne5 22. Bxe5 Qxe5 23. Ne3 Rf8 24. Re1 Qc3 25. Nd1 Qd2 26. Kf1 Qxa2 27. Re2 Qa4 28. Nb2 Bxb2 29. Rxb2 Qa1+ 30. Rb1 Qxb1+
31. Ke2 Re8+ 32. Kd2 Qb4+ 33. Kc2 Qe1 34. d6 Re2+ 35. Kb3 Qb1+ 36. Ka4 Ra2#
0-1

[Event "Black Lives Matter"]
[Site "SchemingMind.com"]
[Date "2020.10.21"]
[Round "-"]
[White "Kenny Elliott"]
[Black "Helga1946"]
[Result "0-1"]
[WhiteCountry "USA"]
[BlackCountry "GER"]
[WhiteElo "1534"]
[WhiteRD "61"]
[BlackElo "2157"]
[BlackRD "69"]
[GameID "461289"]

1. d4 g6 2. e4 Bg7 3. Nc3 d6 4. Bf4 Nf6 5. Nf3 O-O 6. Be2 c5 7. dxc5 dxc5 8. O-O Nc6 9. Qxd8 Rxd8 10. Rad1 Bg4
11. e5 Nd7 12. h3 Bxf3 13. Bxf3 Ncxe5 14. Bxe5 Nxe5 15. Rxd8+ Rxd8 16. Bxb7 Rb8 17. Be4 e6 18. b3 f5 19. Rd1 c4 20. f4 Nf7
21. Bxf5 gxf5 22. Na4 Rc8 23. Rd7 cxb3 24. cxb3 Rc2 25. Rxa7 Bd4+
0-1

[Event "Black Lives Matter"]
[Site "SchemingMind.com"]
[Date "2020.10.22"]
[Round "-"]
[White "Kenny Elliott"]
[Black "Gilligan"]
[Result "0-1"]
[WhiteCountry "USA"]
[BlackCountry "USA"]
[WhiteElo "1534"]
[WhiteRD "61"]
[BlackElo "1640"]
[BlackRD "62"]
[GameID "461290"]

1. d4 d5 2. Nf3 e6 3. Nc3 Nf6 4. a3 Be7 5. e3 O-O 6. Bd3 Nbd7 7. O-O c5 8. Re1 cxd4 9. Nxd4 a6 10. e4 Bc5
11. Be3 dxe4 12. Nxe4 Ba7 13. Nxf6+ Nxf6 14. Nf3 b5 15. Bxa7 Rxa7 16. b4 Re7 17. Ne5 Bb7 18. h3 Qd5 19. Nf3 e5 20. Qd2 Rfe8
21. Bf1 Qc6 22. Rad1 Rd7 23. Nxe5 Rxd2 24. Nxc6 Rxd1 25. Ne7+ Kf8 26. Rxd1 Rxe7 27. c4 bxc4 28. Bxc4 Rc7 29. Bf1 g6 30. Kh2 Kg7
31. a4 Ne4 32. f3 Nf6 33. b5 axb5 34. Bxb5 Rc2 35. Kg3 Nh5+ 36. Kh2 Bxf3 37. Bf1 Bxd1
0-1

[Event "Black Lives Matter"]
[Site "SchemingMind.com"]
[Date "2020.10.22"]
[Round "-"]
[White "Ulrich Klapp"]
[Black "Kenny Elliott"]
[Result "1-0"]
[WhiteCountry "GER"]
[BlackCountry "USA"]
[WhiteElo "1678"]
[WhiteRD "88"]
[BlackElo "1534"]
[BlackRD "61"]
[GameID "461291"]

1. d4 d5 2. e4 e6 3. exd5 exd5 4. c4 Bb4+ 5. Nc3 Nf6 6. Bd3 dxc4 7. Bxc4 O-O 8. Nf3 Bxc3+ 9. bxc3 Bg4 10. O-O h6
11. Qd3 c6 12. Re1 Nbd7 13. Ba3 Re8 14. Rxe8+ Nxe8 15. Re1 Qa5 16. Bb4 Qh5 17. Re7 Be6 18. Bxe6 Nef6 19. Bxf7+ Qxf7 20. Rxf7 Kxf7
21. Ne5+ Nxe5 22. dxe5 Nd5 23. Qf5+ Kg8 24. Qe6+ Kh7 25. Qf7 Nxb4 26. cxb4 b5 27. e6 Rb8 28. e7
1-0

[Event "Black Lives Matter"]
[Site "SchemingMind.com"]
[Date "2020.10.26"]
[Round "-"]
[White "dpickin"]
[Black "Kenny Elliott"]
[Result "0-1"]
[WhiteCountry "ENG"]
[BlackCountry "USA"]
[WhiteElo "1491"]
[WhiteRD "57"]
[BlackElo "1574"]
[BlackRD "60"]
[GameID "461292"]

1. d4 Nf6 2. c4 g6 3. Nc3 Bg7 4. Nf3 O-O 5. e3 d6 6. Be2 Bf5 7. O-O c5 8. d5 e6 9. dxe6 Bxe6 10. e4 Nc6
11. Rb1 a5 12. Bg5 Qc8 13. Qxd6 Rd8 14. Qf4 Nh5 15. Qe3 Bd4 16. Qc1 Rd7 17. Rd1 Ng7 18. Nb5 Ne8
0-1

[Event "Black Lives Matter"]
[Site "SchemingMind.com"]
[Date "2020.10.26"]
[Round "-"]
[White "Kenny Elliott"]
[Black "Mihir Chandrashekhar"]
[Result "1-0"]
[WhiteCountry "USA"]
[BlackCountry "IND"]
[WhiteElo "1574"]
[WhiteRD "60"]
[BlackElo "1743"]
[BlackRD "70"]
[GameID "461293"]

1. d4 Nf6 2. c4 e6 3. Nf3 d5 4. cxd5 exd5 5. Bg5 Be7 6. e3 O-O 7. Be2 h6 8. Bxf6 Bxf6 9. O-O c5 10. Nc3 cxd4
11. Nxd4 Nc6 12. Rb1 Nxd4 13. exd4 Bf5 14. Bd3 Qd7 15. Bxf5 Qxf5 16. Re1 Rac8 17. Qa4 Rc4 18. Qd1 Rxd4 19. Qe2 Rf4 20. Qd2 Bd4
21. Rf1 Re8 22. Nxd5 Rxf2 23. Qxd4 Ree2 24. Rxf2 Rxf2 25. Ne7+
1-0

[Event "Black Lives Matter"]
[Site "SchemingMind.com"]
[Date "2020.10.22"]
[Round "-"]
[White "Gilligan"]
[Black "John Hamer"]
[Result "0-1"]
[WhiteCountry "USA"]
[BlackCountry "ENG"]
[WhiteElo "1640"]
[WhiteRD "62"]
[BlackElo "2004"]
[BlackRD "61"]
[GameID "461298"]

1. e4 b6 2. d4 Bb7 3. Bd3 e6 4. Nf3 Nf6 5. Bg5 Be7 6. Nc3 d5 7. Bxf6 Bxf6 8. e5 Be7 9. Ne2 Nc6 10. c3 O-O
11. O-O Rc8 12. b3 Qd7 13. h4 Nd8 14. Nf4 g6 15. Qd2 a6 16. Nh3 Re8 17. h5 Nc6 18. hxg6 hxg6 19. Nf4 Rcd8 20. Nh5 gxh5
21. Ng5 f5 22. exf6 Bxf6 23. Nh7 Qf7 24. Qh6 Bg7 25. Qg5 Ne7 26. Rae1 Bc6 27. Re3 Nf5 28. Rh3 Kxh7 29. Rxh5+ Kg8 30. g4 Ne7
31. Kg2 Kf8 32. Rfh1 Qf6 33. Qe3 Ng6 34. Kf1 Nf4 35. g5 Qf7 36. R5h4 Ng6 37. R4h2 Rd6 38. Bxg6 Qxg6 39. Rh7 Bb5+ 40. c4 dxc4
41. Qf4+ Kg8 42. bxc4 Bxc4+ 43. Ke1 Qb1+ 44. Kd2 Qd3+ 45. Kc1 Qc3+ 46. Kd1 Rxd4+
0-1

[Event "Black Lives Matter"]
[Site "SchemingMind.com"]
[Date "2020.10.21"]
[Round "-"]
[White "John Hamer"]
[Black "Ulrich Klapp"]
[Result "0-1"]
[WhiteCountry "ENG"]
[BlackCountry "GER"]
[WhiteElo "1980"]
[WhiteRD "62"]
[BlackElo "1758"]
[BlackRD "79"]
[GameID "461299"]

1. b3 Nf6 2. c4 d5 3. Nf3 Bf5 4. Bb2 Nbd7 5. e3 e6 6. Be2 Bd6 7. O-O Qe7 8. Nd4 a6 9. f4 O-O 10. cxd5 Nxd5
11. g4 Be4 12. Nc3 Nxc3 13. Bxc3 Nf6 14. d3 Nd5 15. Bd2 Bg6 16. Kh1 c5 17. Nf3 a5 18. Qc2 b6 19. Rac1 Nb4 20. Qb1 Bxd3
21. Bxd3 Nxd3 22. Qxd3 Qd7 23. Kg1 e5 24. Nxe5 Qe6 25. h3 f6 26. Nc4 Rfd8 27. Qe2 b5 28. Nxa5 Be7 29. Rfd1 Qe4 30. Kf2 f5
31. gxf5 Qxf5 32. Qxb5 Qxh3 33. Qc4+ Kf8 34. Qe2 Qh2+ 35. Kf1 Qh1+ 36. Kf2 Bh4#
0-1

[Event "Black Lives Matter"]
[Site "SchemingMind.com"]
[Date "2020.10.21"]
[Round "-"]
[White "Kenny Elliott"]
[Black "John Hamer"]
[Result "0-1"]
[WhiteCountry "USA"]
[BlackCountry "ENG"]
[WhiteElo "1534"]
[WhiteRD "61"]
[BlackElo "2004"]
[BlackRD "61"]
[GameID "461300"]

1. d4 Nf6 2. c4 d5 3. Nc3 e6 4. a3 Be7 5. Bf4 O-O 6. Nf3 b6 7. cxd5 Nxd5 8. Nxd5 exd5 9. e3 c5 10. Bxb8 Rxb8
11. Ne5 Bb7 12. Bd3 c4 13. Bc2 f6 14. Ng6 hxg6 15. Bxg6 Bxa3 16. Qh5 Bb4+ 17. Ke2 Re8 18. Qh7+ Kf8 19. Qh8+ Ke7 20. Qxg7+ Ke6
21. Bf7+ Kd6 22. Bxe8 Qxe8 23. Qxf6+ Kc7 24. h4 Bd6 25. h5 Qb5 26. Qf7+ Kc6 27. Qg6 Qxb2+ 28. Kf3 Rf8+ 29. Kg4 Qxf2 30. Rag1 Qg3#
0-1

[Event "Black Lives Matter"]
[Site "SchemingMind.com"]
[Date "2020.10.21"]
[Round "-"]
[White "John Hamer"]
[Black "Derek Price"]
[Result "1/2-1/2"]
[WhiteCountry "ENG"]
[BlackCountry "ENG"]
[WhiteElo "2004"]
[WhiteRD "61"]
[BlackElo "2305"]
[BlackRD "73"]
[GameID "461301"]

1. d4 d5 2. c4 c6 3. Nf3 Nf6 4. Qc2 g6 5. Bf4 Bg7 6. e3 O-O 7. Nc3 Bf5 8. Qb3 Qb6 9. Qa3 Na6 10. c5 Qb4
11. Qxb4 Nxb4 12. O-O-O Ne4 13. Bg3 Rac8 14. a3 Na6 15. Nxe4 dxe4 16. Nd2 Nc7 17. Be2 Nd5 18. h3 h6 19. Rhe1 b5 20. cxb6 axb6
21. Kb1 b5 22. Nb3 Ra8 23. Nc5 Ra7 24. h4 h5 25. Kc2 Re8 26. Ra1 e6 27. Rac1 e5 28. dxe5 Bxe5 29. Bxe5 Rxe5 30. Kd2 b4
31. axb4 Nxb4 32. Rc4 Nd5 33. Rb1 Kg7 34. Nb3 Ne7 35. Nd4=
1/2-1/2

[Event "Black Lives Matter"]
[Site "SchemingMind.com"]
[Date "2020.10.21"]
[Round "-"]
[White "echecs"]
[Black "John Hamer"]
[Result "1/2-1/2"]
[WhiteCountry "ENG"]
[BlackCountry "ENG"]
[WhiteElo "1832"]
[WhiteRD "66"]
[BlackElo "2004"]
[BlackRD "61"]
[GameID "461302"]

1. e4 c6 2. d4 d5 3. e5 Bf5 4. Nf3 e6 5. Be2 Nd7 6. O-O Ne7 7. c3 h6 8. Na3 Bh7 9. Nc2 Ng6 10. Bd3 Be7
11. b4 O-O 12. a4 Re8 13. Bd2 Qc7 14. Qc1 a5 15. b5 Rac8 16. Na3 Nb6 17. Qd1 cxb5 18. Bxb5 Red8 19. Be2 Nc4 20. Nb5 Qb6
21. Be1 Nh4 22. Nxh4 Bxh4 23. g3 Bg5 24. h4 Be7 25. Bd3 f6 26. Bxh7+ Kxh7 27. Qd3+ g6 28. h5 f5 29. hxg6+ Kxg6 30. Kg2 Kf7
31. Rh1 Rh8 32. Qf3 Kg7 33. Qh5 Rh7 34. Qe2 Rf8 35. Bd2 Qd8 36. Bf4 Bg5=
1/2-1/2

[Event "Black Lives Matter"]
[Site "SchemingMind.com"]
[Date "2020.10.21"]
[Round "-"]
[White "John Hamer"]
[Black "Black Knight"]
[Result "1-0"]
[WhiteCountry "ENG"]
[BlackCountry "USA"]
[WhiteElo "1994"]
[WhiteRD "63"]
[BlackElo "1289"]
[BlackRD "55"]
[GameID "461303"]

1. d4 d5 2. e4 dxe4 3. Nc3 Nf6 4. f3 exf3 5. Nxf3 Bg4 6. h3 Bxf3 7. Qxf3 c6 8. Be3 e6 9. Bd3 Bb4 10. O-O O-O
11. Rf2 Nbd7 12. Qg3 g6 13. Bg5 Kg7 14. Raf1 h6 15. Bf4 Nh5 16. Be5+ Kh7 17. Rxf7+ Rxf7 18. Qxg6#
1-0

[Event "Black Lives Matter"]
[Site "SchemingMind.com"]
[Date "2020.10.21"]
[Round "-"]
[White "Helga1946"]
[Black "John Hamer"]
[Result "1-0"]
[WhiteCountry "GER"]
[BlackCountry "ENG"]
[WhiteElo "2157"]
[WhiteRD "69"]
[BlackElo "2004"]
[BlackRD "61"]
[GameID "461304"]

1. e4 e5 2. Nf3 Nc6 3. Bb5 Nf6 4. O-O Bc5 5. Bxc6 dxc6 6. d3 Qe7 7. Nbd2 Bg4 8. h3 Bh5 9. Nc4 Nd7 10. a4 a5
11. Bd2 b6 12. Qe2 O-O 13. g4 Bg6 14. Kh1 Rfe8 15. Ne3 Rac8 16. Nf5 Qe6 17. Rg1 Rcd8 18. h4 h6 19. h5 Bh7 20. N3h4 Bxf5
21. gxf5 Qf6 22. Rg4 Kh8 23. Rag1 Rg8 24. R1g2 Rde8 25. Qf3 Bd4 26. b3 Bc5 27. Bc3 Be7 28. Qe3 Bc5 29. Qc1 Be7 30. f4 Rd8
31. Ng6+ fxg6 32. Rxg6 Qh4+ 33. Rh2
1-0

[Event "Black Lives Matter"]
[Site "SchemingMind.com"]
[Date "2020.10.26"]
[Round "-"]
[White "John Hamer"]
[Black "dpickin"]
[Result "1-0"]
[WhiteCountry "ENG"]
[BlackCountry "ENG"]
[WhiteElo "1980"]
[WhiteRD "62"]
[BlackElo "1491"]
[BlackRD "57"]
[GameID "461305"]

1. d4 f5 2. c4 Nf6 3. Nc3 d5 4. Nf3 e6 5. Bf4 Bb4 6. e3 Bxc3+ 7. bxc3 h6 8. Bd3 Ne4 9. Qb3 Nc6 10. O-O b6
11. Qa3 g5 12. Be5 Rg8 13. Rfd1 Bb7 14. Rac1 Nxe5 15. Nxe5 f4 16. f3 fxe3 17. fxe4 dxe4 18. Be2 Qd6 19. Bh5+ Ke7 20. Ng6+ Rxg6
21. c5 bxc5 22. dxc5 Qc6 23. Bxg6 e2 24. Re1 Ba6 25. c4
1-0

[Event "Black Lives Matter"]
[Site "SchemingMind.com"]
[Date "2020.10.26"]
[Round "-"]
[White "Mihir Chandrashekhar"]
[Black "John Hamer"]
[Result "1/2-1/2"]
[WhiteCountry "IND"]
[BlackCountry "ENG"]
[WhiteElo "1743"]
[WhiteRD "70"]
[BlackElo "1980"]
[BlackRD "62"]
[GameID "461306"]

1. d4 e6 2. Nf3 d5 3. c4 Nf6 4. Nc3 Bb4 5. e3 O-O 6. Bd3 c5 7. a3 cxd4 8. exd4 Bxc3+ 9. bxc3 dxc4 10. Bxc4 Qc7
11. Ba2 Bd7 12. O-O Qxc3 13. Bd2 Qc7 14. Bb4 Re8 15. Rc1 Nc6 16. Ne5 a5 17. Bd2 Rac8 18. Bg5 Ne4 19. Bh4 f6 20. Nxc6 bxc6
21. Qg4 g5 22. Qxe4 gxh4 23. Qxh4 Rf8 24. d5 exd5 25. Bxd5+ Kh8 26. Rfe1 Qd6 27. Be4 Rf7 28. Red1 Qxa3 29. Ra1 Qc3 30. Rac1 Qe5=
1/2-1/2

[Event "Black Lives Matter"]
[Site "SchemingMind.com"]
[Date "2020.10.28"]
[Round "-"]
[White "Abstract Actuary"]
[Black "Kenny Elliott"]
[Result "1/2-1/2"]
[WhiteCountry "USA"]
[BlackCountry "USA"]
[WhiteElo "1858"]
[WhiteRD "71"]
[BlackElo "1574"]
[BlackRD "60"]
[GameID "461444"]

1. e4 c5 2. d4 cxd4 3. c3 dxc3 4. Nxc3 e5 5. Bc4 Bb4 6. Qb3 Bxc3+ 7. Qxc3 d6 8. Qb3 Qe7 9. Nf3 Nf6 10. Bg5 O-O
11. O-O Nbd7 12. Nh4 Nb6 13. Rac1 Nxc4 14. Qxc4 Be6 15. Qc7 Qxc7 16. Rxc7 Nxe4 17. Be7 Rfe8 18. f3 Nf6 19. g4 Nd5 20. Bxd6 Nxc7
21. Bxc7 Bxa2 22. Nf5 b6 23. Re1 Rac8 24. Nd6 Rxc7 25. Nxe8 Rc2 26. Rxe5 Kf8 27. Nd6 Be6 28. f4 g6 29. f5 gxf5 30. gxf5 Bb3
31. Re8+ Kg7 32. Nc8 Rxb2 33. Nxa7 Bc2 34. Nc8 Bxf5 35. Nd6 Be6 36. Rb8 Bd5 37. Nf5+ Kf6 38. Ne3 Rb1+ 39. Kf2 Be6 40. h4 b5
41. Kg3 b4 42. Nc2 b3 43. Nd4 b2 44. Kf2 Ba2 45. Ne2 Rf1+ 46. Kxf1 b1=Q+ 47. Rxb1 Bxb1 48. Kf2 Ke5 49. Kg3 f5 50. Nf4 Bc2
51. Nh3= Bd1 52. Nf4 h5 53. Nh3 Bg4 54. Nf4 Ke4 55. Ng2=
1/2-1/2

[Event "Black Lives Matter"]
[Site "SchemingMind.com"]
[Date "2020.10.28"]
[Round "-"]
[White "Abstract Actuary"]
[Black "echecs"]
[Result "0-1"]
[WhiteCountry "USA"]
[BlackCountry "ENG"]
[WhiteElo "1872"]
[WhiteRD "73"]
[BlackElo "1832"]
[BlackRD "66"]
[GameID "461445"]

1. e4 e5 2. Nf3 Nc6 3. c3 d6 4. d4 f6 5. Bb5 Bd7 6. O-O a6 7. Ba4 Nge7 8. Be3 Ng6 9. h3 Be7 10. Nbd2 O-O
11. Qc2 Be8 12. Rad1 Bf7 13. Bb3 b6 14. Rfe1 Qe8 15. c4 exd4 16. Nxd4 Nxd4 17. Bxd4 Ne5 18. f4 Nd7 19. e5 fxe5 20. fxe5 dxe5
21. Bf2 c5 22. Qe4 Bf6 23. Nf3 Qe6 24. Bg3 Bg6 25. Qe2 Qf5 26. Rd2 Rad8 27. Bc2 Qh5 28. Bxg6 Qxg6 29. Nxe5 Qxg3 30. Nxd7 Bd4+
31. Rxd4 cxd4 32. Qe6+ Kh8 33. Ne5 Qxe1+ 34. Kh2 Qf2
0-1

[Event "Black Lives Matter"]
[Site "SchemingMind.com"]
[Date "2020.10.28"]
[Round "-"]
[White "Gilligan"]
[Black "Abstract Actuary"]
[Result "0-1"]
[WhiteCountry "USA"]
[BlackCountry "USA"]
[WhiteElo "1640"]
[WhiteRD "62"]
[BlackElo "1872"]
[BlackRD "73"]
[GameID "461446"]

1. e4 e6 2. d4 d5 3. exd5 exd5 4. Nf3 Nf6 5. Bd3 Bd6 6. O-O O-O 7. Re1 Bg4 8. Be2 Re8 9. Bg5 h6 10. Bh4 Nbd7
11. Nbd2 a6 12. b3 c6 13. c4 Qb8 14. h3 Bh5 15. Rc1 g5 16. Bg3 Bxg3 17. fxg3 Qxg3 18. Nf1 Qf4 19. N1h2 Ne4 20. Rc2 Ndf6
21. Rf1 Ng3 22. Rf2 Nfe4 23. Qe1 Nxf2 24. Qxf2 Bg6 25. Rb2 Qc1+ 26. Ne1 Qxb2 27. Nd3 Qxe2 28. Qxg3 Qxd3 29. Nf3 Be4 30. Qf2 Bxf3
0-1

[Event "Black Lives Matter"]
[Site "SchemingMind.com"]
[Date "2020.10.28"]
[Round "-"]
[White "Abstract Actuary"]
[Black "Derek Price"]
[Result "0-1"]
[WhiteCountry "USA"]
[BlackCountry "ENG"]
[WhiteElo "1858"]
[WhiteRD "71"]
[BlackElo "2259"]
[BlackRD "72"]
[GameID "461447"]

1. e4 c5 2. d4 cxd4 3. c3 Nf6 4. e5 Nd5 5. cxd4 d6 6. Bc4 Nb6 7. Bb5+ Nc6 8. Nf3 Bd7 9. Nc3 e6 10. O-O d5
11. Be3 Be7 12. Rc1 Na5 13. b3 a6 14. Bxd7+ Qxd7 15. Qd3 Nc6 16. Qe2 Rc8 17. Rfd1 Ba3 18. Rb1 O-O 19. Bc1 Bb4 20. Qd3 h6
21. Ne2 Be7 22. Ng3 Nb4 23. Qe2 Rc2 24. Rd2 Rfc8 25. Ba3 Rxd2 26. Nxd2 Nxa2 27. Bxe7 Qxe7 28. Qg4 Nd7 29. Nf3 Nf8 30. Nh4 Qg5
31. Qxg5 hxg5 32. Nf3 g4 33. Nd2 Ng6 34. Rb2 Rc1+ 35. Ngf1 Nc3 36. f3 Nf4
0-1

[Event "Black Lives Matter"]
[Site "SchemingMind.com"]
[Date "2020.10.27"]
[Round "-"]
[White "Helga1946"]
[Black "Abstract Actuary"]
[Result "1-0"]
[WhiteCountry "GER"]
[BlackCountry "USA"]
[WhiteElo "2157"]
[WhiteRD "69"]
[BlackElo "1872"]
[BlackRD "73"]
[GameID "461448"]

1. Nc3 c5 2. e4 Nc6 3. Nf3 b6 4. d4 cxd4 5. Nxd4 Bb7 6. Bf4 e6 7. Ndb5 e5 8. Be3 Rc8 9. Nd6+ Bxd6 10. Qxd6 Qe7
11. O-O-O Nf6 12. Be2 h6 13. f3 O-O 14. Kb1 Ne8 15. Qxe7 Nxe7 16. Rxd7 Rc7 17. Rhd1 Bc6 18. Rxc7 Nxc7 19. b4 Rc8 20. b5 Be8
21. Kb2 f6 22. a4 Kf7 23. a5 bxa5 24. Bxa7 Nxb5 25. Nxb5 Ra8 26. Nd6+ Kf8 27. Bc5 Bf7 28. Nxf7 Kxf7 29. Rd7
1-0

[Event "Black Lives Matter"]
[Site "SchemingMind.com"]
[Date "2020.10.27"]
[Round "-"]
[White "Black Knight"]
[Black "Abstract Actuary"]
[Result "0-1"]
[WhiteCountry "USA"]
[BlackCountry "USA"]
[WhiteElo "1311"]
[WhiteRD "59"]
[BlackElo "1872"]
[BlackRD "73"]
[GameID "461449"]

1. e4 e6 2. d4 d5 3. exd5 exd5 4. Nf3 Nf6 5. Bg5 Be7 6. Nc3 O-O 7. Bxf6 Bxf6 8. Bd3 Re8+ 9. Be2 Bg4 10. O-O Nc6
11. Re1 Bxf3 12. Bxf3 Rxe1+ 13. Qxe1 Nxd4 14. Rd1 Nxf3+ 15. gxf3 c6 16. Ne2 Qc7 17. Ng3 Bxb2 18. c3 Kf8 19. Rb1 Re8 20. Qd2 Ba3
21. Re1 Rxe1+ 22. Qxe1 g6 23. Nf1 Qe7 24. Ne3 Bc5 25. a4 f5 26. Kf1 f4 27. Ng2 Qxe1+ 28. Kxe1 g5 29. h4 h6 30. hxg5 hxg5
31. Kd2 Bxf2 32. Ke2 Bg3 33. Kd3 Ke7 34. Kd4 Kd6 35. c4 c5+ 36. Kc3 b6 37. cxd5 Kxd5 38. Kd3 a6 39. Ke2 b5 40. axb5 axb5
41. Kd3 b4 42. Kc2 c4 43. Kb2 Kd4 44. Kc2 b3+ 45. Kd2 c3+ 46. Kc1 Kd3 47. Kb1 b2 48. Ne1+ Bxe1 49. Ka2 Kc2 50. Ka3 b1=Q
51. Ka4 Qb6 52. Ka3 Qb3#
0-1

[Event "Black Lives Matter"]
[Site "SchemingMind.com"]
[Date "2020.11.01"]
[Round "-"]
[White "Abstract Actuary"]
[Black "Ulrich Klapp"]
[Result "1-0"]
[WhiteCountry "USA"]
[BlackCountry "GER"]
[WhiteElo "1858"]
[WhiteRD "71"]
[BlackElo "1758"]
[BlackRD "79"]
[GameID "461450"]

1. e4 d6 2. d4 g6 3. c4 Bg7 4. f4 Nd7 5. Nc3 c5 6. d5 Ngf6 7. Nf3 O-O 8. Bd3 e5 9. fxe5 Nxe5 10. Nxe5 dxe5
11. O-O Bg4 12. Be2 Bxe2 13. Qxe2 Qd7 14. Bg5 h6 15. Bh4 g5 16. Bg3 Qd6 17. a3 Qb6 18. Bxe5 Rfe8 19. Na4 Qa5 20. Bxf6 Qxa4
21. Bxg7 Kxg7 22. Rf5 Qd7 23. Qg4 Qd6 24. Raf1 Qc7 25. h4 Re7 26. hxg5 Rh8 27. gxh6+ Kf8 28. Qg7+
1-0

[Event "Black Lives Matter"]
[Site "SchemingMind.com"]
[Date "2020.10.29"]
[Round "-"]
[White "John Hamer"]
[Black "Abstract Actuary"]
[Result "1-0"]
[WhiteCountry "ENG"]
[BlackCountry "USA"]
[WhiteElo "2004"]
[WhiteRD "61"]
[BlackElo "1872"]
[BlackRD "73"]
[GameID "461451"]

1. d4 Nf6 2. c4 e6 3. Nc3 Bb4 4. Nf3 c5 5. g3 Nc6 6. Bg2 d5 7. O-O dxc4 8. dxc5 Qxd1 9. Rxd1 Bxc5 10. Bf4 O-O
11. Rac1 a6 12. e3 Ra7 13. a4 Bb4 14. Ne5 Nxe5 15. Bxe5 Bxc3 16. bxc3 b5 17. axb5 axb5 18. Bd4 Ra2 19. Bc5 Nd7 20. Bxf8 Kxf8
21. Bc6 Ke7 22. Bxb5 Ne5 23. Rb1 Rc2 24. Rdc1 Rd2 25. Ba4 Ra2 26. Bd1 Nd3 27. Rc2 Ra7 28. Be2 Bb7 29. Rd2 Be4 30. f3 Bg6
31. e4 Ne5 32. Rd4 f5 33. f4 Nc6 34. Rxc4 fxe4 35. Rxc6
1-0

[Event "Black Lives Matter"]
[Site "SchemingMind.com"]
[Date "2020.11.01"]
[Round "-"]
[White "Abstract Actuary"]
[Black "dpickin"]
[Result "1-0"]
[WhiteCountry "USA"]
[BlackCountry "ENG"]
[WhiteElo "1872"]
[WhiteRD "73"]
[BlackElo "1511"]
[BlackRD "52"]
[GameID "461452"]

1. e4 c5 2. d4 d5 3. dxc5 e6 4. exd5 exd5 5. Be3 Nf6 6. Nc3 Nc6 7. Bb5 a6 8. Ba4 Qa5 9. a3 Bxc5 10. b4 Bxb4
11. axb4 Qxb4 12. Ne2 Ne4 13. Bd2 Nxc3 14. Bxc3 Qe4 15. O-O O-O 16. Re1 Qc4 17. Bb3 Qc5 18. Qxd5 Qe7 19. Nd4 Qf6 20. Rad1 Be6
21. Nxe6 fxe6 22. Qxe6+ Qxe6 23. Rxe6 Kh8 24. Rd7 Rg8 25. Rxb7 Nd8 26. Ree7 Nxb7 27. Bxg8 Rd8 28. g3 Nc5 29. Bc4 Na4 30. Bxg7#
1-0

[Event "Black Lives Matter"]
[Site "SchemingMind.com"]
[Date "2020.11.01"]
[Round "-"]
[White "Mihir Chandrashekhar"]
[Black "Abstract Actuary"]
[Result "0-1"]
[WhiteCountry "IND"]
[BlackCountry "USA"]
[WhiteElo "1743"]
[WhiteRD "70"]
[BlackElo "1858"]
[BlackRD "71"]
[GameID "461453"]

1. e4 e6 2. d4 d5 3. e5 c5 4. c3 Nc6 5. Nf3 Qb6 6. a3 c4 7. Nbd2 Na5 8. Be2 Bd7 9. O-O f6 10. Re1 O-O-O
11. Rb1 Kb8 12. Bf1 Be8 13. b4 Nc6 14. a4 fxe5 15. Nxe5 Nxe5 16. Rxe5 Bd6 17. Rxe6 Bxh2+ 18. Kh1 Qxe6
0-1

[Event "Black Lives Matter"]
[Site "SchemingMind.com"]
[Date "2020.10.31"]
[Round "-"]
[White "Kenny Elliott"]
[Black "David Perna-Fraser"]
[Result "0-1"]
[WhiteCountry "USA"]
[BlackCountry "CAN"]
[WhiteElo "1562"]
[WhiteRD "54"]
[BlackElo "1839"]
[BlackRD "74"]
[GameID "461459"]

1. d4 Nf6 2. c4 e6 3. Nc3 Bb4 4. Bd2 Bxc3 5. Bxc3 Ne4 6. Qc2 f5 7. g3 c6 8. Bg2 d5 9. cxd5 exd5 10. Bxe4 fxe4
11. O-O-O Na6 12. f3 Bf5 13. f4 Qf6 14. e3 O-O-O 15. Ne2 Bg4 16. Rde1 Bf3 17. Rhg1 Nc7 18. Qa4 Nb5 19. Qb4 Bxe2 20. Rxe2 Rd7
21. g4 g5 22. f5 h5 23. h3 hxg4 24. hxg4 Rdh7 25. a4 Nxc3 26. bxc3 Rh2 27. Rgg2 Rxg2 28. Rxg2 Qh6 29. Kc2 Qh3 30. Rd2 Qxg4
31. Qc5 Qxf5 32. Qxa7 Rd8 33. Qa8+ Kc7 34. Qa5+ Kd7 35. Qb6 Kc8 36. a5 Qd7 37. Qb1 Qc7 38. Qa1 Kd7 39. a6 bxa6 40. Qxa6 Rf8
41. Rg2 Qb8 42. Qe2 Qa8 43. Qg4+ Kc7 44. Qg3+ Kb7 45. Kb1 Rf1+
0-1

[Event "Black Lives Matter"]
[Site "SchemingMind.com"]
[Date "2020.11.01"]
[Round "-"]
[White "echecs"]
[Black "David Perna-Fraser"]
[Result "1-0"]
[WhiteCountry "ENG"]
[BlackCountry "CAN"]
[WhiteElo "1807"]
[WhiteRD "81"]
[BlackElo "1935"]
[BlackRD "79"]
[GameID "461460"]

1. e4 e5 2. Nf3 Nf6 3. Nc3 Bb4 4. d3 d6 5. h3 Nbd7 6. Bg5 h6 7. Bd2 c6 8. Be2 O-O 9. O-O b5 10. a3 Bxc3
11. Bxc3 Nb6 12. Ba5 Be6 13. b3 Qc8 14. Nh2 Rb8 15. Bd2 a6 16. f4 exf4 17. Bxf4 Qd7 18. Bxh6 Bxh3 19. Rxf6 gxf6 20. Bxf8 Rxf8
21. gxh3 Qxh3 22. Qf1 Qe3+ 23. Qf2 Qd2 24. Qg3+ Kh8 25. Qh4+ Kg8 26. Kf2 Re8 27. Qxf6 Re6 28. Rg1+ Kf8 29. Qd8+ Re8 30. Qxd6+ Re7
31. Qd8+ Re8 32. Qxb6 Qf4+ 33. Nf3 Qd6 34. Rg5 Qxa3 35. Qc5+ Qxc5+ 36. Rxc5 Ra8 37. Rxc6 a5 38. Ne5 a4 39. bxa4 bxa4 40. Nd7+ Ke8
41. Nb6 Ra6 42. Rc8+ Ke7 43. Nxa4 Rxa4 44. Bg4 Ra1 45. Bf5 f6 46. Ke3 Ra5 47. d4 Ra3+ 48. c3 Ra1 49. d5 Re1+ 50. Kd4 Rd1+
51. Kc5 Rc1 52. c4 Rd1 53. Rc6 Kd8 54. Rxf6 Ke7 55. Re6+ Kd8 56. Kd6 Ra1 57. c5 Ra7 58. c6 Rd7+ 59. Kc5 Ra7 60. Kb6 Rf7
61. Rd6+ Ke8 62. Bg6 Kf8 63. Bxf7 Kxf7 64. c7 Ke7 65. Kc6 Kf7 66. c8=Q Kg7 67. Qc7+
1-0

[Event "Black Lives Matter"]
[Site "SchemingMind.com"]
[Date "2020.11.01"]
[Round "-"]
[White "David Perna-Fraser"]
[Black "Gilligan"]
[Result "0-1"]
[WhiteCountry "CAN"]
[BlackCountry "USA"]
[WhiteElo "1788"]
[WhiteRD "73"]
[BlackElo "1666"]
[BlackRD "60"]
[GameID "461461"]

1. e4 e5 2. Nf3 Nc6 3. Bb5 a6 4. Ba4 Bc5 5. O-O Nf6 6. Bxc6 dxc6 7. Nxe5 Be7 8. Nc3 O-O 9. d4 h6 10. Re1 Bb4
11. a3 Ba5 12. b4 Bb6 13. Be3 Qd6 14. Nc4 Qe6 15. Nxb6 cxb6 16. d5 cxd5 17. exd5 Qd6 18. g3 Bh3 19. Bf4 Qd7 20. d6 Qc6
21. Ne4 Nxe4 22. b5 axb5 23. Qf3 f5 24. Rad1 Qxc2 25. d7 Bg4
0-1